Chansons des Disney - Statistiques

Statistiques générales
  • Ce quiz a été pris 72 fois
  • Le résultat moyen est 57 sur 193
Statistiques - réponses
Hint Réponse % Correct
Le Roi lion Hakuna matata
75%
Raiponce Je voudrais
74%
Le Roi lion L'Histoire de la vie
72%
Le Roi lion Je voudrais déjà être roi
68%
Le Roi lion L'Amour brille sous les étoiles
68%
Aladdin Ce rêve bleu
67%
Le Livre de la jungle Il en faut peu pour être heureux
67%
La Reine des neiges Libérée, délivrée
67%
La Petite Sirène Partir là-bas
67%
La Petite Sirène Sous l'océan
67%
Vaiana : La Légende du bout du monde Le Bleu Lumière
65%
Aladdin Prince Ali
65%
Peter Pan Tu t'envoles
65%
Blanche-Neige et les Sept Nains Un jour mon prince viendra
65%
Mulan Comme un homme
61%
Toy Story Je suis ton ami
58%
Pocahontas : Une légende indienne L'Air du vent
58%
Encanto : La Fantastique Famille Madrigal Ne parlons pas de Bruno
58%
Coco Un poco loco
58%
La Belle et la Bête C'est la fête
56%
Raiponce J'ai un rêve
56%
La Reine des neiges Je voudrais un bonhomme de neige
56%
Raiponce Où est la vraie vie
54%
Aladdin Je suis ton meilleur ami
53%
Coco Ne m’oublie pas
53%
La Belle et la Bête Belle
51%
La Belle et la Bête Histoire éternelle
51%
La Reine des neiges Le Renouveau
51%
Le Roi lion Soyez prêtes
51%
Hercule De zéro en héros
49%
La Belle et la Bête Gaston
49%
Vaiana : La Légende du bout du monde Pour les hommes
49%
Frère des ours Je m'en vais
47%
Tarzan Je veux savoir
47%
La Belle et le Clochard 2 : L'Appel de la rue La Famille
47%
La Reine des neiges En Été
46%
Raiponce N'écoute que moi
46%
La Reine des neiges 2 Dans un autre monde
44%
Pocahontas : Une légende indienne Des Sauvages
44%
Hercule Jamais je n'avouerai
44%
Encanto : La Fantastique Famille Madrigal La Famille Madrigal
44%
Les Aristochats Des gammes et des arpèges
42%
La Petite Sirène Embrasse-la
42%
Blanche-Neige et les Sept Nains Heigh-Ho
42%
La Reine des neiges L'amour est un cadeau
42%
Hercule Le Gospel pur
42%
Dumbo Mon tout petit
42%
Aladdin Nuits d'Arabie
42%
Alice au pays des merveilles Un joyeux non-anniversaire
42%
La Princesse et la Grenouille Au bout du rêve
40%
Le Livre de la jungle Être un homme comme vous
40%
Mulan Honneur à tous
40%
La Reine des neiges 2 Je te cherche
40%
Aladdin | Clochette et la Créature légendaire Je vole
40%
Ratatouille Le Festin
40%
Mulan Réflexion
40%
Zootopie Try Everything
40%
Pocahontas : Une légende indienne Au détour de la rivière
39%
La Belle et la Bête Tuons la bête
39%
Frère des ours Bienvenue
37%
Raiponce Je veux y croire
37%
Cendrillon Les Harpies
37%
Pinocchio Quand on prie la bonne étoile
37%
Cendrillon Tendre Rêve
37%
Vaiana : La Légende du bout du monde Bling-bling
35%
Le Roi lion 2 : L'Honneur de la tribu Il vit en toi
35%
Encanto : La Fantastique Famille Madrigal Sous les apparences
35%
Les Aristochats Thomas O'Malley
35%
Peter Pan À la file indienne
33%
Les 101 Dalmatiens Cruella d'Enfer
33%
Le Bossu de Notre-Dame Les Cloches de Notre-Dame
33%
Rebelle Vers le ciel
33%
Cendrillon Bibbidi-Bobbidi-Boo
32%
Cendrillon C'est ça, l'amour
32%
La Princesse et la Grenouille Mes amis de l'au-delà
32%
Le Roi lion 2 : L'Honneur de la tribu Nous sommes un
32%
La Petite Sirène Pauvres âmes en perdition
32%
Blanche-Neige et les Sept Nains Sifflez en travaillant
32%
Mulan Une belle fille à aimer
32%
Le Roi lion 2 : L'Honneur de la tribu À Upendi
30%
La Belle et le Clochard Belle Nuit
30%
Coco Corazon
30%
Tarzan Enfant de l'homme
30%
La Reine des neiges 2 J'ai perdu le nord
30%
La Reine des neiges Le cœur de glace
30%
La Princesse et la Grenouille Ma Belle Évangéline
30%
Vaiana : La Légende du bout du monde Notre terre
30%
La Princesse et la Grenouille À travers le bayou
28%
La Belle et la Bête Je ne savais pas
28%
La Belle et le Clochard La Chanson des Siamois
28%
Vaiana : La Légende du bout du monde L'Explorateur
28%
Vaiana 2 L'explorateur
28%
Encanto : La Fantastique Famille Madrigal Que sais-je faire d'autre
28%
Les Aventures de Bernard et Bianca S.O.S. Société
28%
Vaiana 2 Aller plus loin
26%
Wish : Asha et la Bonne Étoile Ce n'est plus mon roi
26%
Merlin l'Enchanteur Higitus Figitus
26%
La Reine des neiges Nul n'est parfait
26%
La Princesse et la Grenouille Humains pour la vie
25%
Wish : Asha et la Bonne Étoile Je fais le voeu
25%
La Belle au bois dormant J'en ai rêvé
25%
Hercule Le Monde qui est le mien
25%
Cars Life is a highway
25%
Le Roi lion 2 : L'Honneur de la tribu Mon chant d'espoir
25%
Les Aristochats Tout le monde veut devenir un chat
25%
La Reine des neiges 2 Tout réparer
25%
La Planète au trésor : Un nouvel univers Un homme libre
25%
Le Livre de la jungle Aie confiance
23%
Blanche-Neige et les Sept Nains Je souhaite
23%
La Belle et la Bête La Belle et la Bête
23%
La Princesse et la Grenouille La Nouvelle-Orléans
23%
Le Bossu de Notre-Dame Rien qu'un jour
23%
Hercule Une étoile est née
23%
La Belle et la Bête Humain à nouveau
21%
Le Bossu de Notre-Dame Infernale
21%
Vaiana 2 Invente ta route
21%
Le Bossu de Notre-Dame La Cour des Miracles
21%
Wish : Asha et la Bonne Étoile Ma promesse
21%
Alice au pays des merveilles Peignons les roses en rouge
21%
La Reine des neiges 2 Point d'avenir sans nous
21%
Wish : Asha et la Bonne Étoile Bienvenue à Rosas
19%
La Princesse et la Grenouille Creuse encore et encore
19%
Vaiana 2 Je vais avoir un chee-hoo
19%
Pinocchio La vie d’artiste
19%
Clochette et la Fée pirate Qui je suis
19%
Pocahontas : Une légende indienne Au son calme des tam-tams
18%
Les Aventures de Bernard et Bianca Courage, petite sœur
18%
Rox et Rouky Deux bons copains
18%
Le Livre de la jungle La Marche des éléphants
18%
Le Roi lion 2 : L'Honneur de la tribu L'Amour nous guidera
18%
La Petite Sirène Les poissons
18%
Wish : Asha et la Bonne Étoile Ma récompense
18%
Pinocchio Sans aucun lien
18%
L'Étrange Noël de monsieur Jack Bienvenue à Halloween
16%
Le Roi lion 3 : Hakuna Matata Creuse un tunnel
16%
Cendrillon Doux Rossignol
16%
Tarzan Entre deux mondes
16%
Les Aristochats Les Aristochats
16%
La Fée Clochette Les fées rêvent du printemps
16%
Frère des ours Les grands esprits
16%
Raiponce L'incantation de la guérison
16%
Frère des ours Mon frère ours
16%
Vaiana 2 Notre paradis
16%
La Reine des neiges 2 Quand je serai plus grand
16%
Alice au pays des merveilles Je suis en retard
14%
La Belle et le Clochard 2 : L'Appel de la rue Le Club des clébards
14%
Clochette et la Pierre de lune Les contes de fées d'antan
14%
Pocahontas : Une légende indienne L'Or de Virginie
14%
Le Bossu de Notre-Dame Un gars comme toi
14%
Merlin l'Enchanteur C'est c'qui fait qu'tout tourne rond
12%
Pocahontas : Une légende indienne Écoute ton cœur
12%
Clochette et la Pierre de lune Il suffit d'y croire
12%
Peter Pan La vie d’un pirate
12%
Le Bossu de Notre-Dame Les bannis ont droit d'amour
12%
Robin des Bois Quel beau jour vraiment
12%
Vaiana 2 Que peut-on rêver de mieux
12%
Pocahontas : Une légende indienne Virginie Compagnie
12%
Dumbo Voir voler un éléphant
12%
Hercule Il me reste un espoir
11%
Encanto : La Fantastique Famille Madrigal J'attends le miracle
11%
Rebelle L’amour est un soleil brûlant
11%
Clochette et le Secret des fées Le grand fossé
11%
Coco Le monde es mi familia
11%
Les Aventures de Winnie l'ourson Les Éphélants et les Nouïfes
11%
La Fée Clochette Restons fidèles à nous-mêmes
11%
Pocahontas : Une légende indienne Si je ne t'avais connu
11%
La Petite Sirène 2 : Retour à l'océan Sous le soleil
11%
Le Sortilège de Cendrillon C'est au bal
9%
Clochette et l'Expédition féerique C’est enfin l’été
9%
Le Roi lion 2 : L'Honneur de la tribu L'Un des nôtres
9%
Le Sortilège de Cendrillon Plus que des rêves
9%
Cars Real gone
9%
Frère des ours Regarde dans mes yeux
9%
Wish : Asha et la Bonne Étoile Tous des étoiles
9%
Le Bossu de Notre-Dame Une douce lueur
9%
Le Sortilège de Cendrillon Une très belle année
9%
La Petite Sirène 2 : Retour à l'océan Ce grand moment
7%
Clochette et l'Expédition féerique Comment y croire
7%
Cars Find yourself
7%
La Petite Sirène 2 : Retour à l'océan La Terre et l'océan
7%
Robin des Bois Messire le roi de mauvais aloi
7%
Clochette et le Secret des fées Nous viendrons
7%
Tarzan Toujours dans mon cœur
7%
L'Étrange Noël de monsieur Jack Le Boogie Blues
5%
Clochette et la Créature légendaire Quelle joie
5%
Les Aventures de Winnie l'ourson C'est merveilleux d'être un tigre
4%
Le Livre de la jungle Ma maison sous le chaume
4%
Winnie l'ourson 2 : Le Grand Voyage Mes lumières d'espoir
4%
Winnie l'ourson 2 : Le Grand Voyage A jamais, pour toujours
2%
Clochette et la Fée pirate Du haut du ciel
2%
La Belle et le Clochard 2 : L'Appel de la rue Je n'avais jamais ressenti ça
2%
La Belle et le Clochard 2 : L'Appel de la rue Un monde sans barrières
2%
Aucun quiz correspondant
Distribution des résultats
% des personnes avec chaque résultat
Percentile par nombre de réponses
Votre historique - résultats
Vous n’avez pas pris ce quiz